000 00662nam a22001935i 4500
001 160782
003 ES-MaACL
005 20250814055112.0
008 991130s1900 fr |||| | fre d
040 _aCCPB | B
_bspa
_cCCPB | B
100 1 _aNourrisson, Paul.
_9130532
245 1 3 _aLe club des Jacobins sous la Troisième République
_b: études sur la Franc-maçonnerie contemporaine /
_cPaul Nourrisson.
260 _aParis :
_bPerrin et C\pie\s,
_c1900.
300 _aXVI, 256 p. ;
_c19 cm.
610 2 7 _aMasonería-
_zFrancia
_2
_9137940
752 _aFrancia -
_dParís
852 _aES-MaACL
_jF-5915
_z-- Rust.
999 _c160782
_d160782